Central Library OPAC University of Rajshahi

Politics, parties, & pressure groups / (Record no. 35949)

MARC details
000 -LEADER
fixed length control field 00850cam a22002891 4500
001 - CONTROL NUMBER
control field 35949
003 - CONTROL NUMBER IDENTIFIER
rucl marc code BD-RjUL
005 - DATE AND TIME OF LATEST TRANSACTION
control field 20211209052416.0
008 - FIXED-LENGTH DATA ELEMENTS--GENERAL INFORMATION
fixed length control field 140612s1964 nyuab b 000 0 eng
035 ## - SYSTEM CONTROL NUMBER
System control number (BD-RjUL)36046
System control number (OCoLC)498696
040 ## - CATALOGING SOURCE
Original cataloging agency DLC
Transcribing agency ODaWU
Modifying agency OCoLC
-- DLC
Language of cataloging eng
041 ## - LANGUAGE CODE
Language code of text/sound track or separate title eng
082 ## - DEWEY DECIMAL CLASSIFICATION NUMBER
Classification number 320.973
Author mark and year KEP 1964
100 1# - MAIN ENTRY--PERSONAL NAME
Personal name Key, V. O.
Fuller form of name (Valdimer Orlando),
Dates associated with a name 1908-1963.
9 (RLIN) 109373
245 10 - TITLE STATEMENT
Title Politics, parties, & pressure groups /
250 ## - EDITION STATEMENT
Edition statement 5th ed.
260 ## - PUBLICATION, DISTRIBUTION, ETC. (IMPRINT)
Place of publication, distribution, etc. New York,
Name of publisher, distributor, etc. Crowell
Date of publication, distribution, etc. 1964
300 ## - PHYSICAL DESCRIPTION
Pagination xiii, 738 p. :
Illustrations illus., maps, diagrs. ;
Size 24 cm.
504 ## - BIBLIOGRAPHY, ETC. NOTE
Bibliography, etc Bibliographical footnotes.
650 #0 - SUBJECT ADDED ENTRY--TOPICAL TERM
Topical term or geographic name as entry element Politics, Practical.
9 (RLIN) 109433
Topical term or geographic name as entry element Political parties
Geographic subdivision United States.
9 (RLIN) 6269
Topical term or geographic name as entry element Lobbying.
9 (RLIN) 109434
942 ## - ADDED ENTRY ELEMENTS (KOHA)
Source of classification or shelving scheme Dewey Decimal Classification
Koha item type Books
Holdings
Lost status Source of classification or shelving scheme Damaged status Not for loan Collection code Permanent Location Current Location Shelving location Date acquired Source of acquisition Total Checkouts Full call number Date last seen Copy number Koha item type Cost, normal purchase price
  Dewey Decimal Classification   Not For Loan Non-fiction Central Library, University of Rajshahi Central Library, University of Rajshahi Reading Room 28/03/1977 LIONS INTERNATIONAL GOVT   320.973 KEP 1964 12/06/2014 C-1 Books  
  Dewey Decimal Classification     Non-fiction Central Library, University of Rajshahi Central Library, University of Rajshahi   04/12/1965 Zitlinger   320.973 KEP 1964 12/06/2014 C-3 Books 64.00